<?xml version="1.0" encoding="UTF-8"?>
<collection xmlns="http://www.loc.gov/MARC21/slim">
 <record>
  <leader>00399pamaa2200133   4500</leader>
  <controlfield tag="001">0000020855</controlfield>
  <controlfield tag="005">20070307090000.0</controlfield>
  <datafield tag="090" ind1="0" ind2="0">
   <subfield code="a">PS350 </subfield>
   <subfield code="b">VAN 1959</subfield>
  </datafield>
  <datafield tag="100" ind1="1" ind2="0">
   <subfield code="a">VAN DOREN </subfield>
  </datafield>
  <datafield tag="245" ind1="1" ind2="4">
   <subfield code="a">The last days on Lincoln : </subfield>
   <subfield code="b">a play in six scenes  </subfield>
   <subfield code="c">by Mark Van Doren.</subfield>
  </datafield>
  <datafield tag="260" ind1="0" ind2="0">
   <subfield code="a">New York: </subfield>
   <subfield code="b">Hill and Wand, </subfield>
   <subfield code="c">1959.</subfield>
  </datafield>
  <datafield tag="300" ind1=" " ind2=" ">
   <subfield code="a">152p.; </subfield>
   <subfield code="c">22cm.</subfield>
  </datafield>
  <datafield tag="600" ind1="1" ind2="0">
   <subfield code="a">Lincoln, Abraham, </subfield>
   <subfield code="d">1809-1865</subfield>
  </datafield>
  <datafield tag="650" ind1="0" ind2="0">
   <subfield code="a">Lincoln, Abraham -- </subfield>
   <subfield code="x">Drama </subfield>
  </datafield>
 </record>
</collection>
